Countries that begin with I - Statistics

General Stats
  • This quiz has been taken 31 times
    27 since last reset
  • The average score is 6 of 9
Answer Stats
Answer % Correct
India
92%
Indonesia
92%
Iran
79%
Iraq
79%
Iceland
71%
Ireland
63%
Israel
58%
Italy
54%
Ivory Coast
42%
No matching quizzes found
Score Distribution
Percent of People with Each Score
Percentile by Number Answered
Your Score History
You have not taken this quiz since the last reset